00658nam a2200193Ia 4500003000900000008004100009020002200050040001600072080001500088100003100103245005600134260004200190300001400232650001900246650002700265942000700292999001700299952014800316IN-BaIIA211028s9999 xx 000 0 eng d a978-3-527-40991-4 cIIA Library a524.6bBOS aBoselli, Alessandro935135 2aA Panchromatic view of galaxiescAlessandro Boselli aWeinheimbWiley-VCH Verlag Gmbhc2012 axv, 324p. aGalaxies91286 aGalaxy evolution96225 cBK c18336d18336 00104070aBANbBANcGENd2012-08-23eSIP g1926.00l1m1o524.6/ BOSp19258r2025-01-07s2025-01-07v1926.00w2012-08-23yBKGRs. 1926.00